Κατάλογος Βιβλιοθηκών Mediterranean College

Κατανεμημένα Συστήματα με Java / Συστήματα υπολογιστών. (Record no. 5151)

MARC details
000 -LEADER
fixed length control field 01591cam a22002294a 4500
005 - ΗΜΕΡΟΜΗΝΙΑ ΚΑΙ ΩΡΑ ΤΕΛΕΥΤΑΙΑΣ ΕΝΗΜΕΡΩΣΗΣ
Πεδίο ελέγχου 20250605164205.0
008 - FIXED-LENGTH DATA ELEMENTS--GENERAL INFORMATION
Πεδίο ελέγχου σταθερού μήκους 250528s ||||||||||||||||||||||||d
035 ## - SYSTEM CONTROL NUMBER
System control number 19909
020 ## - ISBN
ISBN 9602098295
040 ## - ΠΗΓΗ ΚΑΤΑΛΟΓΟΓΡΑΦΗΣΗΣ
Φορέας πρωτότυπης καταλογογράφησης MC Athens Campus Library
Γλώσσα καταλογογράφησης Ελληνικά, Μοντέρνα (1453-)
Modifying agency MC Athens Campus Library
Κανόνες περιγραφικής καταλογογράφησης AACR2
245 1# - ΤΙΤΛΟΣ ΚΑΙ ΔΗΛΩΣΗ ΥΠΕΥΘΥΝΟΤΗΤΑΣ
Τίτλος Κατανεμημένα Συστήματα με Java / Συστήματα υπολογιστών.
Number of part/section of a work Τόμος ΙΙΙ
260 ## - PUBLICATION, DISTRIBUTION, ETC.
Name of publisher, distributor, etc. Κλειδάριθμος,
Date of publication, distribution, etc. 2005
300 ## - PHYSICAL DESCRIPTION
Extent 560
520 ## - SUMMARY, ETC.
Summary, etc. Πρόλογος, Εισαγωγή, Διάταξη γεγονότων, Αμοιβαίος αποκλεισμός, Καθολικές καταστάσεις, Αποτίμηση καθολικού κατηγορήματος, Εκλογή αρχηγού, Επικοινωνία μέσω δικτύου, Δικτύωση στην Java, Κλήσεις απομακρυσμένων διαδικασιών, Νήματα, Νήματα στη Java, Οργάνωση Επεξεργαστών και Διεργασιών, Κατανεμημένα Συστήματα Ονομασίας, Κατανεμημένα Συστήματα Αρχείων, Ατομικές Συναλλαγές, Συστήματα Java RMI, Συστήματα CORBA, Ανοχή Βλαβών, Θέματα Ασφαλείας, Επικεφαλίδες Μεθόδων της Java, Βιβλιογραφία, Ευρετήριο.
700 1# - ΠΡΟΣΘΕΤΗ ΑΝΑΓΡΑΦΗ--ΦΥΣΙΚΟ ΠΡΟΣΩΠΟ
Personal name Κάβουρας Ι. Κ
9 (RLIN) 6063
700 1# - ΠΡΟΣΘΕΤΗ ΑΝΑΓΡΑΦΗ--ΦΥΣΙΚΟ ΠΡΟΣΩΠΟ
Personal name Μήλης Ι. Ζ
9 (RLIN) 6064
700 1# - ΠΡΟΣΘΕΤΗ ΑΝΑΓΡΑΦΗ--ΦΥΣΙΚΟ ΠΡΟΣΩΠΟ
Personal name Ξυλωμένος Γ. Β
9 (RLIN) 6065
700 1# - ΠΡΟΣΘΕΤΗ ΑΝΑΓΡΑΦΗ--ΦΥΣΙΚΟ ΠΡΟΣΩΠΟ
Personal name Ρουκουνάκη Α. Α
9 (RLIN) 6066
942 ## - ADDED ENTRY ELEMENTS (KOHA)
Koha item type Books
Holdings
Τύπος τεκμηρίου Βιβλιοθήκη Τρέχουσα τοποθεσία Barcode Αριθμός εισαγωγής Ημερομηνία απόκτησης Ταξιθετικό σύμβολο Αριθμός αντιτύπου Κατάσταση απόσυρσης Κατάσταση χαμένου Κατάσταση κατεστραμμένου Μη δανεισμός Σύνολο δανεισμών Ημερομηνία τελευταίας εμφάνισης Η τιμή ισχύει από
Books MC Athens Campus Library MC Athens Campus Library 9780000051509 6115 05/06/2025 005.43 KAV V.III 1           05/06/2025 05/06/2025

MC Athens Campus Library
Πατησίων 94 & Κοδριγκτώνος 13, 104 34
Πελλήνης 8 & Πατησίων 107, 112 51
Τ: +30 210 8899600

MC Thessaloniki Campus Library
Ίωνος Δραγούμη 21, 54625 | Ίωνος Δραγούμη 15, 54625
Τ: +30 2310 287779 – Τ: +30 2314 440300